01509nam a2200361 a 4500001001000000003000500010005001700015008004100032010001100073011001100084040000900095090001000104100004200114245014700156260004100303500006000344502007700404590003700481590004000518590004000558590004000598650003700638650003700675650004100712856001600753856007000769901000700839942001000846942000600856999001900862952013100881952013501012000113948CHAP20220329144420.0171010s2017 mx a fsm |||||||spa d a110409 a111381 cCHAP aTesis1 aAguilar López, Mario Arturo913374510aPruebas de permutación enfocadas al análisis de diseños experimentales unifactoriales /h[En línea]cpor Mario Arturo Aguilar López. aChapingo, Méx. :bEl autor,c2017. aPara ver el contenido del material haga clic en la liga aTesis (Lic. en Estadística) -- UACH. División de Ciencias Forestales aBATCHb00c20181121lUCH01h0758 aE8697GMMb05c20171010lUCH01h1129 aE8697GMMb05c20171010lUCH01h1208 aE8697GMMb05c20171010lUCH01h132814aAnálisis de la varianza.9596914aDiseños experimentales.93273514aEstadísticaxMetodología.938253 a1 n0000085 aFinding aiduhttp://10.13.5.2/tesis/sist113948.pdfzTeclea aquí aBK cTESIS n0 c110409d110409 00104054718TESISaBCbBCd2017-10-10fTESISl0oTesisp113949-10r2019-12-31 00:00:00w2019-12-31yTESISzRecien adquirido 00102local4053708TESISaBCbBCcPA_TESISd2017-10-10fTESISl0oTesisp113949-20r2019-12-31 00:00:00tc.2w2019-12-31yTESIS